000 00990nam a2200217Ia 4500
003 Ost
005 20260507075014.0
008 260507s9999||||xx |||||||||||||| ||und||
040 _cfsecg
041 _aara
082 _a332
100 _aعناية، غازي
_eمؤلف
245 0 _aأصول الإيرادات المالية العامة في الفكر المالي الإسلامي /
_c غازي عناية
260 _aالإسكندرية:
_bمؤسسة شباب الجامعة,
_c2006
300 _a230 صفحة؛
_c24 سم
504 _aيوجد نفس العنوان مع سنة نشر مختلفة(سنة2006)
520 _aأدلة مشروعية الإيرادات المالية العامة والملكية العامة الجماعية-الإيرادات المالية العامة الدورية-الإيرادات المالية العامة غير الدورية
653 _aالايرادات
653 _aالمالية العامة
942 _cكتاب
999 _c42194
_d42194